[Event "Bucaramanga"]
[Site "Bucaramanga"]
[Date "1992.??.??"]
[Round "9"]
[White "Hernandez, Gilberto"]
[Black "Henao, Raul Fernando"]
[Result "1/2-1/2"]
[WhiteElo "2495"]
[BlackElo "2390"]

1.Nf3 Nf6 2.g3 b6 3.Bg2 Bb7 4.O-O c5 5.c4 g6 6.b3 Bg7 7.Bb2 O-O 8.Nc3 Nc6
9.d4 cxd4 10.Nxd4 Rc8  1/2-1/2

[Event "Traffic op"]
[Site "Buenos Aires"]
[Date "1992.??.??"]
[Round "4"]
[White "Szmetan, Jorge"]
[Black "Panno, Oscar"]
[Result "0-1"]
[WhiteElo "2400"]
[BlackElo "2465"]

1.Nf3 Nf6 2.c4 b6 3.g3 Bb7 4.Bg2 c5 5.O-O g6 6.Nc3 Bg7 7.d4 cxd4 8.Qxd4 d6
9.Be3 Nbd7 10.Qd2 Rc8 11.b3 Nc5 12.Rac1 Nfe4 13.Nxe4 Nxe4 14.Qd3 Qc7 15.Bd4 Nf6
16.Bh3 Rd8 17.Nd2 O-O 18.e4 Nd7 19.Be3 Bc6 20.Bg2 Qb7 21.Rfd1 b5 22.Qb1 Ne5
23.h3 a6 24.Bd4 Bh6 25.f4 Nd7 26.cxb5 axb5 27.Qb2 e5 28.Be3 exf4 29.gxf4 Nc5
30.Qb1 Rfe8 31.b4 Bxe4 32.Nxe4 Nxe4 33.Rd3 Qe7 34.Re1 Qh4 35.Rf1 Ng3 36.Qe1 Bxf4
37.Rxf4 Qxf4 38.Bxf4 Rxe1+ 39.Kf2 Nh5  0-1

[Event "Calcutta"]
[Site "Calcutta"]
[Date "1992.??.??"]
[Round "3"]
[White "Long, Peter"]
[Black "Murugan, Krishnamoorthy"]
[Result "0-1"]
[WhiteElo "2260"]
[BlackElo "2380"]

1.Nf3 c5 2.c4 Nf6 3.g3 b6 4.Bg2 Bb7 5.O-O g6 6.Nc3 Bg7 7.d3 O-O 8.e4 d6 9.Rb1 Nc6
10.a3 Nd7 11.Ne2 e5 12.b4 Nd4 13.Nexd4 cxd4 14.Nh4 Bf6 15.Bh6 Bxh4 16.gxh4 Qxh4
17.Bxf8 Nxf8 18.Qf3 Ne6 19.Qg3 Qe7 20.Rbd1 Nf4 21.Bf3 h5 22.h4 Kh7 23.Kh1 Rg8
24.Rg1 f6 25.Qh2 Qe8 26.b5 Qc8 27.a4 Qc5 28.Qg3 Bc8 29.Ra1 Be6 30.Bd1 Qb4
31.a5 bxa5 32.Ra4 Qd2 33.Ra3 Nh3 34.Rf1 Nf4 35.Rg1 Kh6 36.Kh2 g5 37.Qf3 gxh4
38.Rxg8 Bxg8 39.c5 dxc5 40.Bb3 Qb4 41.Bxg8 Qxa3 42.Bc4 Qc1 43.Bb3 Qb1 44.Bc4 a4  0-1

[Event "EU-chT (Men)"]
[Site "Debrecen"]
[Date "1992.??.??"]
[Round "5"]
[White "Gheorghiu, Florin"]
[Black "Sax, Gyula"]
[Result "1/2-1/2"]
[WhiteElo "2500"]
[BlackElo "2600"]

1.Nf3 Nf6 2.c4 c5 3.g3 b6 4.Bg2 Bb7 5.O-O g6 6.b3 Bg7 7.Bb2 O-O 8.Nc3 Na6
9.e3 e6 10.d4 d5 11.cxd5 exd5 12.Qe2 Qe7  1/2-1/2

[Event "Gent op"]
[Site "Gent"]
[Date "1992.??.??"]
[Round "7"]
[White "Vanderwaeren, Serge"]
[Black "Roeder, Mathias"]
[Result "1/2-1/2"]
[WhiteElo "2315"]
[BlackElo "2395"]

1.c4 Nf6 2.Nf3 b6 3.g3 c5 4.Bg2 Bb7 5.O-O g6 6.Nc3 Bg7 7.d4 cxd4 8.Qxd4 Nc6
9.Qf4 Na5 10.Bd2 Rc8 11.b3 d5 12.cxd5 Nxd5 13.Nxd5 Qxd5 14.Rac1 O-O 15.Nh4 Qe6
16.Bxa5 Bxg2 17.Nxg2 bxa5 18.Ne3 h5 19.Rc4 Rfd8  1/2-1/2

[Event "NRW-Liga I 9192"]
[Site "Germany"]
[Date "1992.??.??"]
[Round "?"]
[White "Hollermann, Thomas"]
[Black "Moehring, Guenther"]
[Result "1/2-1/2"]
[WhiteElo "2265"]
[BlackElo "2355"]

1.Nf3 Nf6 2.c4 c5 3.g3 b6 4.Bg2 Bb7 5.O-O g6 6.Nc3 Bg7 7.d3 d5 8.Ne5 O-O
9.Bg5 h6 10.Bxf6 Bxf6 11.Ng4 Bxc3 12.bxc3 Qc8 13.Ne3 dxc4 14.Bxb7 Qxb7 15.Nxc4 Nd7
16.Qd2 Kg7 17.Rab1 Nf6 18.e4 Rad8 19.Qe2 Qd7 20.Rbd1 h5 21.f4 e6 22.Ne5 Qa4
23.Rb1 Nd7 24.Nc4 Nf6 25.Ne5  1/2-1/2

[Event "BL2-W9192"]
[Site "Germany"]
[Date "1992.??.??"]
[Round "?"]
[White "Borngaesser, Rene"]
[Black "Lingnau, Carsten"]
[Result "1-0"]
[WhiteElo "2360"]
[BlackElo "2365"]

1.c4 Nf6 2.Nf3 b6 3.g3 Bb7 4.Bg2 c5 5.O-O g6 6.b3 Bg7 7.Bb2 O-O 8.Nc3 Na6
9.Re1 e6 10.a3 d5 11.d3 Qc7 12.Qc2 Nb8 13.b4 dxc4 14.dxc4 Nc6 15.Na2 Rfd8
16.b5 Na5 17.e4 Ng4 18.Bxg7 Kxg7 19.h3 Nh6 20.Rad1 f6 21.Nc1 Nf7 22.Bf1 Rxd1
23.Rxd1 Rd8 24.Rxd8 Qxd8 25.Ne2 Qd6 26.Nf4 Ne5 27.Nxe5 Qxe5 28.Qd1 f5 29.Qd7+ Kh6
30.Nxe6 fxe4 31.Qf7 g5 32.Be2 g4 33.hxg4  1-0

[Event "BL2-S9192"]
[Site "Germany"]
[Date "1992.??.??"]
[Round "?"]
[White "Hoensch, Matthias"]
[Black "Bosbach, Gerhard"]
[Result "1-0"]
[WhiteElo "2310"]
[BlackElo "2260"]

1.Nf3 Nf6 2.c4 c5 3.g3 b6 4.Bg2 Bb7 5.O-O g6 6.Nc3 Bg7 7.Re1 O-O 8.e4 d6
9.d4 cxd4 10.Nxd4 Qc8 11.Nd5 Re8 12.Bg5 Nbd7 13.Rc1 a6 14.b4 e6 15.Bxf6 Bxf6
16.Nxf6+ Nxf6 17.Nb3 Qc7 18.Qd4 e5 19.Qe3 Rad8 20.f3 Kg7 21.h4 Bc8 22.Bf1 h6
23.a4 Bd7 24.a5 Rb8 25.Rb1 Ba4 26.axb6 Qxb6 27.Nd2 Bd7 28.c5 dxc5 29.bxc5 Qa7
30.Rb6 Bb5 31.Bxb5 axb5 32.Rb1 Rxb6 33.cxb6 Qd7 34.Nf1 Rc8 35.Rc1 Rb8 36.Rc7 Qd6
37.Qc3 Qxb6+ 38.Kg2 Qe6 39.Rc6 b4 40.Qc5 Qe8 41.Qd6 Ng8 42.h5 Rd8 43.Qc5 Qe7
44.Qb6 gxh5 45.Ne3 Qg5 46.Nf5+ Kh7 47.Qc7 Qd2+ 48.Kh3 Qd7 49.Qxe5 f6 50.Qc7 b3
51.Qxd7+ Rxd7 52.Rb6 Ne7 53.Nh4 Ng6 54.Rxb3 Nxh4 55.Kxh4 Rd1 56.Kxh5 Rh1+
57.Kg4 Kg6 58.Rb6 h5+ 59.Kf4 Re1 60.Re6 Ra1 61.e5 Ra4+ 62.Ke3 Ra3+ 63.Ke4 Ra4+
64.Ke3 Ra3+ 65.Kf2 Ra2+ 66.Kg1 Re2 67.Rxf6+ Kg5 68.Rf8 h4 69.Kf1 Ra2 70.gxh4+ Kxh4
71.Rg8 Ra5 72.f4 Ra4 73.Ke2 Rxf4 74.Kd3 Rf7 75.Ke4 Kh5 76.e6 Ra7 77.Kf5 Kh6
78.Kf6 Kh7 79.Rg1 Ra2 80.e7 Rf2+ 81.Ke6 Re2+ 82.Kd7 Rd2+ 83.Ke8 Rd3 84.Rg4 Rd1
85.Kf7 Rf1+ 86.Ke6 Re1+ 87.Kf6 Rf1+ 88.Ke5 Rf8 89.exf8=R  1-0

[Event "Groningen op"]
[Site "Groningen"]
[Date "1992.??.??"]
[Round "5"]
[White "Rotstein, Arkadij"]
[Black "Grooten, Herman"]
[Result "1-0"]
[WhiteElo "2515"]
[BlackElo "2405"]

1.Nf3 Nf6 2.c4 b6 3.g3 c5 4.Bg2 Bb7 5.O-O g6 6.Nc3 Bg7 7.d4 cxd4 8.Qxd4 O-O
9.Qh4 Re8 10.Bh6 d6 11.Rad1 Nbd7 12.Bxg7 Kxg7 13.e4 Qc7 14.b3 Rad8 15.Nd4 a6
16.Nd5 Qb8 17.f4 h6 18.g4 e6 19.g5 hxg5 20.fxg5 Nh5 21.Nf4 Ne5 22.Nxh5+ gxh5
23.Qxh5 Rh8 24.Qe2 d5 25.cxd5 exd5 26.Nf5+ Kf8 27.Nh6 d4 28.Qf2 Rd7 29.Qf6 Rh7
30.g6 Rg7 31.Nf5 Rxg6 32.Qh8+ Rg8 33.Qh6+ Ke8 34.Ng7+ Kf8 35.Nh5+ Ke7 36.Qf6+ Kf8
37.Qh6+ Ke7 38.Nf6 Rd6 39.Nxg8+ Qxg8 40.Qh4+ Ke8 41.Rf5 Qg7 42.Rg5 Rg6 43.Rxg6 fxg6
44.Qf2 d3 45.Qxb6 Qe7 46.Qd4 Qg5 47.Kh1 Ng4 48.Qh8+ Ke7 49.Qg7+ Ke6 50.Rf1 d2
51.Qf7+ Kd6 52.e5+ Kxe5 53.Bxb7 Ne3 54.Qg7+ Ke6 55.Bc8+ Kd6 56.Qd7+ Kc5 57.Qxd2  1-0

[Event "Helsinki-ch"]
[Site "Helsinki"]
[Date "1992.??.??"]
[Round "8"]
[White "Kekki, Jorma"]
[Black "Pulkkinen, Kari"]
[Result "1/2-1/2"]
[WhiteElo "2290"]
[BlackElo "2240"]

1.Nf3 c5 2.g3 b6 3.Bg2 Bb7 4.c4 Nf6 5.O-O g6 6.Nc3 Bg7 7.d4 cxd4 8.Nxd4 Bxg2
9.Kxg2 O-O 10.e4 Qc7 11.Qe2 Nc6 12.Nxc6 Qxc6 13.Nd5 Rfe8 14.Rb1 Rac8 15.b3 e6  1/2-1/2

[Event "Hermanos Saiz"]
[Site "Hermanos Saiz"]
[Date "1992.??.??"]
[Round "?"]
[White "Nunez, Antonio"]
[Black "Otero, Evelio"]
[Result "1-0"]
[WhiteElo "2340"]
[BlackElo "2365"]

1.Nf3 Nf6 2.g3 b6 3.Bg2 Bb7 4.O-O c5 5.c4 g6 6.Nc3 Bg7 7.d4 cxd4 8.Qxd4 Nc6
9.Qf4 Rc8 10.b3 O-O 11.Bb2 d6 12.Rfd1 Nb8 13.Qd2 Nbd7 14.Ne1 Bxg2 15.Nxg2 Qc7
16.Nd5 Nxd5 17.Bxg7 Kxg7 18.Qxd5 Nf6 19.Qd4 a6 20.Ne3 Kg8  1-0

[Event "HUN-chT"]
[Site "HUN"]
[Date "1992.??.??"]
[Round "3"]
[White "Seres, Lajos"]
[Black "Tompa, Janos"]
[Result "1/2-1/2"]
[WhiteElo "2265"]
[BlackElo "2415"]

1.Nf3 Nf6 2.c4 b6 3.g3 Bb7 4.Bg2 c5 5.O-O g6 6.Nc3 Bg7 7.d4 cxd4 8.Nxd4 Bxg2
9.Kxg2 Qc8 10.Qd3 O-O 11.b3 Na6 12.Bb2 Nc5 13.Qf3 a6 14.Rac1 Ra7 15.e4 d6
16.b4 Ne6 17.Nd5 Nxd5 18.cxd5 Nxd4 19.Bxd4 Rc7 20.Bxg7 Rxc1 21.Rxc1 Qxc1
22.Bxf8 Kxf8 23.Qd3 b5 24.a3  1/2-1/2

[Event "Katowice op"]
[Site "Katowice"]
[Date "1992.??.??"]
[Round "3"]
[White "Cvitan, Ognjen"]
[Black "Tunik, Gennady"]
[Result "1/2-1/2"]
[WhiteElo "2505"]
[BlackElo "2450"]

1.Nf3 Nf6 2.c4 b6 3.g3 Bb7 4.Bg2 c5 5.O-O g6 6.Nc3 Bg7 7.d4 cxd4 8.Qxd4 Nc6
9.Qf4 Rc8 10.Rb1 O-O 11.Rd1 Qe8 12.b3 Nd8 13.Bb2 Ne6 14.Qe3 Rc5 15.h3 d6
16.Na4 Rh5 17.Nh2 Bxg2 18.Kxg2 Qa8+ 19.f3 d5 20.Bxf6 exf6 21.cxd5 Rxd5 22.Rxd5 Qxd5
23.Nc3 Qc6 24.Rd1 f5 25.Nd5 Re8 26.Qc1 Qxc1 27.Rxc1 Kf8 28.Nf1  1/2-1/2

[Event "ARG-ch sf1"]
[Site "La Plata"]
[Date "1992.??.??"]
[Round "?"]
[White "Szmetan, Jorge"]
[Black "Cid, Marino Alejandro"]
[Result "1/2-1/2"]
[WhiteElo "2400"]
[BlackElo "2425"]

1.Nf3 Nf6 2.c4 b6 3.g3 c5 4.Bg2 Bb7 5.O-O g6 6.e3 Bg7 7.d4 cxd4 8.exd4 d5
9.Ne5 O-O 10.Nc3 e6 11.Bg5 h6 12.Bxf6 Bxf6 13.cxd5 exd5 14.Qa4 a6 15.Rad1 Qd6
16.Ng4 Bg7 17.Ne3 Nc6 18.Bxd5 b5 19.Qb3 Na5 20.Qc2 Bxd5 21.Ncxd5 Rac8 22.Qd3 Nc4
23.Qb3 Rfd8 24.Nf4 Na5  1/2-1/2

[Event "Liechtenstein op"]
[Site "Liechtenstein"]
[Date "1992.??.??"]
[Round "?"]
[White "Foisor, Cristina Adela B"]
[Black "Atlas, Valeri"]
[Result "0-1"]
[WhiteElo "2375"]
[BlackElo "2435"]

1.c4 Nf6 2.Nf3 c5 3.g3 b6 4.Bg2 Bb7 5.O-O g6 6.Nc3 Bg7 7.d4 cxd4 8.Qxd4 d6
9.Bd2 Nc6 10.Qd3 Nb4 11.Qb1 Rc8 12.a3 Na6 13.Qa2 Nc5 14.Rac1 O-O 15.Rfd1 Re8
16.Bh3 Ncd7 17.Be3 a6 18.b4 Rc7 19.Na4 b5 20.cxb5 axb5 21.Nc3 Qb8 22.Nd4 Ba6
23.Nd5 Nxd5 24.Rxc7 Nxe3 25.Rdc1 Bxd4 26.Bxd7 Rd8 27.Bh3 Nc4 28.Rxe7 Bf6
29.Rd7 Rf8 30.a4 Bc8 31.a5 Bxd7 32.Bxd7 d5 33.a6 Bd4 34.e3 Ba7 35.Bc6 Rd8
36.Rd1 d4 37.exd4 Rxd4 38.Re1 Qb6 39.Bb7 Rd2 40.Re8+ Kg7 41.Qa1+ Kh6  0-1

[Event "Ljubljana op"]
[Site "Ljubljana"]
[Date "1992.??.??"]
[Round "3"]
[White "Sorokin, Maxim"]
[Black "Savon, Vladimir A"]
[Result "1/2-1/2"]
[WhiteElo "2570"]
[BlackElo "2440"]

1.c4 Nf6 2.Nf3 b6 3.g3 Bb7 4.Bg2 c5 5.O-O g6 6.Nc3 Bg7 7.d4 cxd4 8.Qxd4 Nc6
9.Qf4 Rc8 10.Bd2 d5 11.Rad1 O-O 12.Qh4 dxc4 13.Bh6 Qe8 14.Ng5 Nh5 15.Bxg7 Kxg7
16.Qxc4 Nf6 17.Qb5 Na5  1/2-1/2

[Event "Manila ol (Men)"]
[Site "Manila"]
[Date "1992.??.??"]
[Round "?"]
[White "Gostisa, Leon"]
[Black "Ionescu, Constantin"]
[Result "1/2-1/2"]
[WhiteElo "2430"]
[BlackElo "2465"]

1.Nf3 c5 2.c4 Nf6 3.g3 b6 4.Bg2 Bb7 5.O-O g6 6.Nc3 Bg7 7.d3 O-O 8.e4 Nc6
9.Be3 Ng4 10.Bd2 d6 11.Ne1 f5 12.exf5 gxf5 13.h3 Nf6 14.Nc2 Qd7 15.Be3 Rac8
16.Qe2 e5 17.Bg5 Nd4 18.Nxd4 cxd4 19.Bxf6 Bxg2 20.Kxg2 Rxf6 21.Nd5 Rf7 22.a4 Re8
23.b4 Re6 24.b5 f4 25.f3 fxg3 26.a5 Rh6 27.Rh1 bxa5 28.Rxa5 Rh4 29.Nb4 Rhf4
30.Rf1 Rh4 31.Rh1 Rhf4 32.Rf1 Rh4  1/2-1/2

[Event "Manila ol (Women)"]
[Site "Manila"]
[Date "1992.??.??"]
[Round "?"]
[White "Foisor, Cristina Adela B"]
[Black "Sakhatova, Elvira"]
[Result "1-0"]
[WhiteElo "2375"]
[BlackElo "2365"]

1.c4 Nf6 2.Nf3 b6 3.g3 c5 4.Bg2 Bb7 5.O-O g6 6.Nc3 Bg7 7.d4 cxd4 8.Qxd4 d6
9.Be3 Nbd7 10.Rac1 O-O 11.Qd2 Rc8 12.b3 Re8 13.Bh3 a6 14.Bh6 Bxh6 15.Qxh6 Bxf3
16.exf3 Rc5 17.Bg2 b5 18.cxb5 axb5 19.b4 Rc4 20.Nxb5 Rxb4 21.Nc7 Rf8 22.Qd2 Rb7
23.Nd5 Nxd5 24.Qxd5 Rb2 25.a4 Nc5 26.Rc4 Qa5 27.Qg5 Qa7 28.Rh4 f5 29.Rc4 Re2
30.Qc1 Rb8 31.f4 Rbb2 32.Qc3 Rbd2 33.a5 Rd3 34.Qa1 Red2 35.Rb4 Rc2 36.Rb6 Rdd2
37.h4 e6 38.Qa3 Ne4 39.Bxe4 fxe4 40.Qe3 d5 41.a6 d4 42.Qb3 Qd7 43.Qxe6+ Qxe6
44.Rxe6 e3 45.a7 Ra2 46.Re8+ Kf7 47.a8=Q Rxa8 48.Rxa8 e2 49.Raa1 exf1=Q+
50.Kxf1 d3 51.Kg2 Ke6 52.Kf3 h5 53.Rf1 Kf5 54.Ke3 Ra2 55.Rd1 Kf6 56.Rxd3 Ra5
57.Kf3 Rf5 58.Re3 Ra5 59.Re5 Ra3+ 60.Kg2 Ra8 61.Rg5 Rh8 62.Kf3 Ra8 63.f5 gxf5
64.Rxh5 Kg6 65.Rg5+ Kf6 66.Kg2 Rb8 67.Kh3 Rb2 68.f4 Rb8 69.h5 Rb1 70.Rg6+ Kf7
71.Kh4 Rg1 72.Ra6  1-0

[Event "Manila ol (Men)"]
[Site "Manila"]
[Date "1992.??.??"]
[Round "?"]
[White "Gausel, Einar"]
[Black "Wojtkiewicz, Aleksander"]
[Result "1/2-1/2"]
[WhiteElo "2445"]
[BlackElo "2495"]

1.Nf3 c5 2.g3 b6 3.Bg2 Bb7 4.O-O Nf6 5.c4 g6 6.b3 Bg7 7.Bb2 O-O 8.Nc3 Na6
9.d4 d5 10.Nxd5 Nxd5 11.cxd5 Bxd5 12.e3 Qc7 13.Qe2 Qb7 14.Rfd1 Rad8 15.Rd2 cxd4
16.Bxd4 e5 17.Bb2 Be4 18.Rad1 Rxd2 19.Rxd2 Nc5 20.Qd1 Ne6 21.h4 Qa8 22.Kh2 Re8
23.Bh1 Nc5 24.Ba3 Nd3 25.Ng5 Bxh1 26.Qxh1 e4 27.Nxe4 Ne5 28.Ng5 h6 29.Qxa8 Rxa8
30.f4 Ng4+ 31.Kh3 Nxe3 32.Nf3 Rc8 33.Rd3 Nc2 34.Be7 Rc7 35.Rd8+ Kh7 36.Bd6 Rc3
37.Ne5 Ne3 38.Nxf7 Nf5 39.Be5 Rxg3+ 40.Kh2 Re3 41.Rd7 Re2+ 42.Kh3 Rxa2 43.Nd6 Rd2
44.Rxa7 Rd3+ 45.Kh2 Rd2+ 46.Kh3 Rd3+ 47.Kh2 Rxd6 48.Bxd6 Nxd6 49.Rd7 Nf5
50.Rb7 Nxh4 51.Rxb6 Nf5 52.Rb7 h5 53.b4 Kh6 54.Kg2 Bd4 55.Kf3 h4 56.Kg4 Be3
57.Rc7 Bd2 58.b5 h3 59.Rc8 Kg7 60.Kxh3 Bxf4 61.b6 Nd6 62.Rc7+ Kf6  1/2-1/2

[Event "Melbourne Masters"]
[Site "Melbourne"]
[Date "1992.??.??"]
[Round "6"]
[White "Wohl, Aleksandar H"]
[Black "Wallace, John Paul"]
[Result "1/2-1/2"]
[WhiteElo "2280"]
[BlackElo "2340"]

1.Nf3 Nf6 2.c4 c5 3.g3 b6 4.Bg2 Bb7 5.O-O g6 6.Nc3 Bg7 7.d4 cxd4 8.Qxd4 d6
9.Rd1 Nbd7 10.Be3 Rc8 11.Rac1 O-O 12.Qh4 Re8 13.b3 Qc7 14.Nd5 Qb8 15.Bh3 e6
16.Nxf6+ Nxf6 17.Bd4 Ne4 18.Bxg7 Kxg7 19.Rd4 Rc5 20.Rxe4 Rh5 21.Qf4 e5 22.Qe3 Bxe4
23.Qxe4 Rxh3 24.Rd1 Rh5 25.h4 Rf5 26.Qc6 Rf6 27.Ng5 Qa8 28.Qxa8 Rxa8 29.Ne4 Re6
30.Nxd6 Kf8 31.Nb5 Re7 32.Kg2 Rc8 33.h5 a6 34.Nc3 b5 35.hxg6 hxg6 36.Nd5 Re6
37.cxb5 axb5 38.Nb4 Rc5 39.Rd7 e4 40.g4 Ke8 41.Rd4 Ree5 42.Kg3 g5 43.a4 bxa4
44.bxa4 Rc8 45.e3 Ke7 46.a5 Rxa5 47.Rxe4+ Kf8 48.Nd3 f6 49.Rd4 Ra1 50.Kf3 Rc7  1/2-1/2

[Event "Moscow rapid"]
[Site "Moscow"]
[Date "1992.??.??"]
[Round "?"]
[White "Chekhov, Valery A"]
[Black "Ivanov, Alexander"]
[Result "1/2-1/2"]
[WhiteElo "2535"]
[BlackElo "2545"]

1.Nf3 Nf6 2.c4 b6 3.g3 Bb7 4.Bg2 c5 5.O-O g6 6.b3 Bg7 7.Bb2 d5 8.cxd5 O-O
9.Na3 Nxd5 10.Bxg7 Kxg7 11.d4 Na6 12.dxc5 Nxc5 13.Qd4+ Nf6 14.Rfd1 Qxd4 15.Nxd4 Bxg2
16.Kxg2 Rfc8 17.Rac1 Nfe4 18.Kf3 Nd6 19.b4 Nd7 20.Ndb5 Ne5+ 21.Kf4 Nec4 22.Nxc4 Nxc4
23.Rd7 e5+ 24.Kg5 Nd6 25.Rxc8 Ne4+ 26.Kg4 Rxc8 27.Kf3 Rc4 28.a3  1/2-1/2

[Event "Olot op"]
[Site "Olot"]
[Date "1992.??.??"]
[Round "5"]
[White "Kirov, Nino"]
[Black "Cuadras, Jorge"]
[Result "1-0"]
[WhiteElo "2470"]
[BlackElo "2320"]

1.Nf3 Nf6 2.c4 b6 3.g3 Bb7 4.Bg2 c5 5.O-O g6 6.d4 cxd4 7.Qxd4 Bg7 8.Nc3 O-O
9.Qh4 d6 10.Bh6 Nbd7 11.Rfd1 Rc8 12.b3 Rc5 13.Bxg7 Kxg7 14.Rd2 Qc8 15.Rad1 Bxf3
16.exf3 Ne5 17.Ne4 Nxe4 18.Qxe4 Qf5 19.Qd4 Qf6 20.f4 Nd7 21.Qe3 Rc7 22.h4 h5
23.Bh3 Nc5 24.Rd5 Nb7 25.f5 e6 26.fxe6 Re7 27.Rg5 fxe6 28.Bg2 d5 29.Re5 Nd6
30.cxd5 Nf5 31.Qe1 exd5 32.Rdxd5 Rfe8 33.Rxe7+ Rxe7 34.Qd2 Qa1+ 35.Kh2 Nh6
36.Bf3 Rf7 37.Kg2 Nf5 38.Rd7 Qf6 39.Rxf7+ Qxf7 40.Be4 Nh6 41.Qd4+ Kf8 42.Qd6+ Kg7
43.Bd5 Qf5 44.Qe7+ Kh8 45.Be4 Ng8 46.Qe8  1-0

[Event "Olot op"]
[Site "Olot"]
[Date "1992.??.??"]
[Round "9"]
[White "Foisor, Cristina Adela B"]
[Black "Cuadras, Jorge"]
[Result "1-0"]
[WhiteElo "2375"]
[BlackElo "2320"]

1.c4 Nf6 2.Nf3 b6 3.g3 Bb7 4.Bg2 c5 5.O-O g6 6.Nc3 Bg7 7.d4 cxd4 8.Qxd4 Nc6
9.Qf4 O-O 10.Qh4 Na5 11.Bh6 Rc8 12.b3 Nh5 13.Bxg7 Kxg7 14.Rfd1 d6 15.Nd5 Nc6
16.g4 e6 17.gxh5 Qxh4 18.Nxh4 g5 19.Nxb6 axb6 20.Nf3 Rfd8 21.Nxg5 Kf6 22.Ne4+ Ke7
23.Ng3 h6 24.Rd2 f5 25.e3 Rc7 26.f4 Na5 27.Bf1 d5 28.Rad1 Rg8 29.cxd5 Bxd5
30.Kf2 Ba8 31.Be2 Nb7 32.b4 Rb8 33.Bb5 Rd8 34.Rxd8 Nxd8 35.Ne2 Nf7 36.Rg1 Bd5
37.Rc1 Ra7 38.Nc3 Bb7 39.Bc4 Ra8 40.Bb3 Ba6 41.Nd5+ exd5 42.Rc7+ Ke6 43.Rxf7 Bc4
44.Rh7 b5 45.Rxh6+ Kf7 46.Rb6 Kg7 47.Kf3 Rd8 48.h6+ Kh8 49.Bc2 d4 50.exd4 Bd5+
51.Kf2 Rc8 52.Bd3 Ra8 53.Rxb5 Rxa2+ 54.Ke3 Be6 55.Re5  1-0

[Event "Pardubice op"]
[Site "Pardubice"]
[Date "1992.??.??"]
[Round "6"]
[White "Jasnikowski, Zbigniew"]
[Black "Stohl, Igor"]
[Result "1/2-1/2"]
[WhiteElo "2455"]
[BlackElo "2560"]

1.Nf3 Nf6 2.c4 b6 3.g3 c5 4.Bg2 Bb7 5.O-O g6 6.Nc3 Bg7 7.d4 cxd4 8.Nxd4 Bxg2
9.Kxg2 O-O 10.e4 Qc7 11.b3 Nxe4 12.Nxe4 Qe5 13.Qf3 Qxd4 14.Ba3 Nc6 15.Rad1 Qe5
16.Rxd7 Qa5 17.Bxe7 Ne5 18.Qd1 Nxd7 19.Qxd7 Qxa2 20.Bxf8 Rxf8  1/2-1/2

[Event "Prague Chip"]
[Site "Prague"]
[Date "1992.??.??"]
[Round "4"]
[White "Van der Sterren, Paul"]
[Black "Stohl, Igor"]
[Result "1/2-1/2"]
[WhiteElo "2535"]
[BlackElo "2560"]

1.Nf3 Nf6 2.c4 b6 3.g3 c5 4.Bg2 Bb7 5.O-O g6 6.Nc3 Bg7 7.Re1 d5 8.d4 dxc4
9.Qa4+ Nbd7 10.dxc5 Qc8 11.Qxc4 Qxc5 12.Qh4 O-O 13.e4 Rac8 14.Be3 Qh5 15.Qxh5 Nxh5
16.Rad1 Rfd8 17.Bg5 Bf6 18.Bxf6 Ndxf6 19.e5 Rxd1 20.Rxd1 Ng4 21.e6 fxe6 22.Ng5 Bxg2
23.Kxg2 Nhf6 24.Nxe6 Ne5 25.Rd8+ Rxd8 26.Nxd8 Kf8 27.Ne6+ Ke8 28.Nd4 Kd7
29.Kf1 Nd3 30.b3 e5 31.Nf3 Ke6 32.Ke2 Nc5 33.Ng5+ Kf5 34.h4 Ne6 35.Nxe6 Kxe6
36.Kd3 a6 37.Ne4 Nxe4 38.Kxe4 Kd6 39.g4 Ke6 40.a3 Kd6 41.h5 Ke6 42.a4 a5
43.hxg6 hxg6 44.f4 exf4 45.Kxf4 Kf6 46.g5+ Ke6 47.Ke4 Kd6 48.Kd4 Ke6 49.Ke4 Kd6
50.Kd4 Ke6 51.Kc4 Kd6 52.Kb5 Kc7 53.Kc4  1/2-1/2

[Event "ROM-chT"]
[Site "?"]
[Date "1992.??.??"]
[Round "?"]
[White "Barbulescu, Dan"]
[Black "Hegedus, Iuliu"]
[Result "1/2-1/2"]
[WhiteElo "2430"]
[BlackElo "2290"]

1.Nf3 Nf6 2.c4 c5 3.g3 b6 4.Bg2 Bb7 5.O-O g6 6.Nc3 Bg7 7.d4 cxd4 8.Nxd4 Bxg2
9.Kxg2 Nc6 10.Nc2 O-O 11.e4 Qc7 12.f3 Na5 13.b3 a6 14.Bb2 Rfc8 15.Ne3 e6
16.Qe2 d6 17.Rfd1 Rab8 18.Rac1 Ne8 19.Ng4 h5 20.Nf2 Qb7 21.Qd2  1/2-1/2

[Event "SLO-ch"]
[Site "?"]
[Date "1992.??.??"]
[Round "?"]
[White "Truta, Srecko"]
[Black "Jelen, Iztok"]
[Result "0-1"]
[WhiteElo "2255"]
[BlackElo "2430"]

1.c4 c5 2.Nf3 Nf6 3.g3 b6 4.Bg2 Bb7 5.O-O g6 6.Nc3 Bg7 7.d4 cxd4 8.Qxd4 d6
9.Bg5 Nbd7 10.h3 Rc8 11.b3 O-O 12.Qh4 Rc5 13.g4 Qa8 14.Rad1 Re8 15.Be3 Rcc8
16.Bh6 Bh8 17.Ne1 Bxg2 18.Nxg2 Ne4 19.Nd5 Ndf6 20.Nge3 Nxd5 21.Nxd5 Qb7 22.Rd3 b5
23.cxb5 e6 24.Nf4 Qxb5 25.g5 d5 26.Qg4 Rc2 27.a4 Qb6 28.h4 Rc3 29.h5 Rxb3
30.a5 Qb5 31.hxg6 hxg6 32.Kg2 Rxd3 33.exd3 Nd6 34.Rh1 e5 35.Bf8 Kxf8 36.Rxh8+ Ke7
37.Qe2 e4 38.Rh7 Kd8 39.Qe3 d4 40.Qg3 e3 41.Ne2 Qd5+ 42.f3 Re5 43.Kh2 Rxg5
44.Qh4 Kd7 45.a6 Kc7 46.Ng3 Re5 47.Rh8 g5  0-1

[Event "SWZ-chI op"]
[Site "?"]
[Date "1992.??.??"]
[Round "7"]
[White "Barbero, Gerardo F"]
[Black "Horvath, Gyula"]
[Result "1-0"]
[WhiteElo "2480"]
[BlackElo "2420"]

1.Nf3 c5 2.c4 Nf6 3.g3 b6 4.Bg2 Bb7 5.O-O g6 6.b3 Bg7 7.Bb2 O-O 8.e3 d5 9.cxd5 Nxd5
10.Bxg7 Kxg7 11.d4 Na6 12.Qe2 cxd4 13.Nxd4 Nc5 14.Rd1 Qc8 15.e4 Nb4 16.a3 Nc6
17.Nxc6 Qxc6 18.Qb2+ Qf6 19.e5 Qe6 20.Bxb7 Nxb7 21.b4 Rfd8 22.Nd2 Rd5 23.Nf3 Rad8
24.Re1 Rd3 25.Qe2 Qd5 26.Nh4 Qd4 27.Rac1 Rxa3 28.Rc7 Rd7 29.Rxd7 Qxd7 30.e6 Qd4
31.exf7 Ra1 32.f8=Q+ Kxf8 33.Qxe7+ Kg8 34.Qe6+ Kg7 35.Qe7+ Kg8 36.Qe6+ Kg7
37.Nf3 Qd6 38.Kg2 Rxe1 39.Qxe1 Qf6 40.h4 Nd6 41.Ng5 h6 42.Ne6+ Kf7 43.Nf4 Qf5
44.Qd2 Ke7 45.Qa2 Nc8 46.Qg8 g5 47.hxg5 hxg5 48.Nd5+ Kd6 49.Qd8+ Qd7 50.Qxg5 Qc6
51.Kh2 Qxd5 52.Qd8+ Ke5 53.Qxc8 a5 54.Qb8+ Qd6 55.Qh8+ Kd5 56.bxa5 bxa5 57.Qa8+ Kd4
58.Qxa5 Qh6+ 59.Kg2 Qc6+ 60.f3 Qc2+ 61.Kh3 Ke3 62.Qd5 Kf2 63.f4 Qh7+ 64.Kg4 Qg7+
65.Qg5 Qc3 66.Kh5 Qh8+ 67.Qh6 Qe8+ 68.Qg6 Qh8+ 69.Kg5 Qd4 70.Qc2+ Kg1 71.Qb1+ Kh2
72.Qa2+ Kg1 73.Qb1+ Kf2 74.Qc2+ Kg1 75.Qe2 Kh1 76.Qe5 Qc4 77.Kh5 Qf7+ 78.Kg4 Qc4
79.Kh3 Qf1+ 80.Kh4 Kh2 81.Qb2+ Kh1 82.Kg5 Qf2 83.Qc1+ Kg2 84.g4 Qd4 85.Qc2+ Kg3
86.Qb3+ Kf2 87.Qe6 Kf3 88.Qc6+ Kg3 89.Qc7 Qe3 90.Qe5 Qd2 91.Qc7 Qe3 92.Qe5 Qd2
93.Kh5 Qh2+ 94.Kg6 Kxg4 95.Qe6+ Kf3 96.Qd5+ Kg4 97.Qd1+ Kg3 98.f5 Qa2 99.Qd3+ Kf4
100.Qd4+ Kf3 101.Kg7 Qg2+ 102.Kf8 Qh2 103.f6 Qb8+ 104.Ke7 Qb7+ 105.Qd7 Qb4+
106.Ke8 Qe4+ 107.Kf8 Qb4+ 108.Kg8 Qb8+ 109.Kg7 Qg3+ 110.Kf8 Qb8+ 111.Qe8 Qb4+
112.Kg7 Qd4 113.Qe6 Kf4 114.Kg8 Qg1+ 115.Kf7 Qd4 116.Ke7 Qa7+ 117.Qd7 Qe3+
118.Kd8 Qa3 119.f7 Qf8+ 120.Kc7 Kf3 121.Qc6+ Kf2 122.Qf6+ Kg2 123.Kd7 Kh1
124.Qe7 Qa8 125.f8=Q Qa4+ 126.Ke6 Qc4+ 127.Kf6 Qh4+ 128.Kf7 Qh7+ 129.Ke8 Qh5+
130.Qff7 Qh8+ 131.Kd7 Qd4+ 132.Qd6 Qa7+ 133.Qc7 Qd4+ 134.Kc8 Qh8+ 135.Kb7  1-0

[Event "Victoria-ch"]
[Site "Victoria"]
[Date "1992.??.??"]
[Round "12"]
[White "Kagan, Issay"]
[Black "Hacche, David"]
[Result "1/2-1/2"]
[WhiteElo "2380"]
[BlackElo "2295"]

1.Nf3 c5 2.c4 b6 3.g3 Bb7 4.Bg2 Nf6 5.O-O g6 6.Nc3 Bg7 7.d4 cxd4 8.Qxd4 O-O
9.Qh4 d6 10.Bh6 Nbd7 11.Rac1 Rc8 12.b3 Rc5 13.Ng5 Bxg2 14.Kxg2 Bxh6 15.Qxh6 Re8
16.e4 Nf8 17.f3 Qc8 18.Nd5 b5 19.Ne3 bxc4 20.Rxc4 Qa6 21.Rxc5 dxc5 22.Rf2 N6d7
23.Nd5 Qc6 24.Qh4 f5 25.Qf4 e6 26.Qc7 Qxc7 27.Nxc7 Re7 28.Nb5 h6 29.Nh3 Nf6
30.exf5 gxf5 31.Rc2 a6 32.Nc3 Rc7 33.Nf4 Kf7 34.Nd3 N8d7 35.Na4 e5 36.Ndxc5 Nd5
37.Kf2 Nb4 38.Rc4 Nxc5 39.Nxc5 Rxc5 40.Rxb4 Rc2+ 41.Ke3 Rc3+ 42.Kf2 Rc2+
43.Kg1 Rxa2 44.Rb7+ Kg6 45.Rb6+ Kg7 46.h4 h5 47.Rb7+ Kg6 48.Rb6+ Kg7 49.Re6 Re2
50.b4 Kf7 51.Rxa6 Rb2 52.Rb6 e4 53.fxe4 fxe4 54.Rb5 Kf6 55.Kf1 Kg6 56.Rg5+ Kh6
57.b5 e3 58.Ke1 Rg2 59.Kf1 Rb2 60.Re5 Kg6 61.Rg5+ Kh6 62.Rd5 Kg6 63.Re5 Kh6
64.Re6+ Kg7 65.b6 Kh7 66.Rc6 Kg7 67.Ke1 Kh7 68.Rf6 Kg7  1/2-1/2

[Event "Zalaegerszeg op"]
[Site "Zalaegerszeg"]
[Date "1992.??.??"]
[Round "?"]
[White "Vadasz, Laszlo"]
[Black "David, Alberto"]
[Result "0-1"]
[WhiteElo "2305"]
[BlackElo "2295"]

1.Nf3 Nf6 2.c4 b6 3.g3 c5 4.Bg2 Bb7 5.O-O g6 6.Nc3 Bg7 7.d4 cxd4 8.Nxd4 Bxg2
9.Kxg2 O-O 10.e4 Qc7 11.b3 Nxe4 12.Nxe4 Qe5 13.Qf3 Qxd4 14.Rb1 Qe5 15.Bf4 Qe6
16.Nf6+ Bxf6 17.Qxa8 Nc6 18.Qb7 g5 19.Rbe1 Qf5 20.Be3 Rb8 21.Qa6 Bc3 22.Qb5 Ne5
23.Bd2 Qf3+ 24.Kg1 a6 25.Qxa6 Qc6 26.Rxe5 Bxe5 27.a4 Ra8 28.Qb5 Qxb5 29.cxb5 f6
30.Be3 Rb8 31.Rd1 Bd6 32.f4 gxf4 33.gxf4 Kf7 34.f5 Rb7 35.Kg2 Be5 36.Kf3 e6
37.h4 exf5 38.Rc1 Rb8 39.h5 d5 40.h6 d4 41.Bd2 Rg8 42.Rc6 Rg3+ 43.Kf2 f4
44.Rxb6 d3 45.Rb7+ Ke6 46.Rg7 Bd4+ 47.Kf1 Rh3 48.Kg2 Rxh6 49.Kf3 Rh2 50.Bxf4 d2
51.Bxd2 Rxd2 52.Rxh7 Rb2 53.Ke4 Be5 54.Kd3 Kd5  0-1